| 000 | 01029nam a22003377a 4500 | ||
|---|---|---|---|
| 003 | CHAP | ||
| 005 | 20220817044219.0 | ||
| 008 | 080516s200556 uk a r 00010 eng d | ||
| 010 | _a94810 | ||
| 011 | _a95782 | ||
| 020 | _a1842652753 | ||
| 035 | _a106413 | ||
| 040 | _cCHAP | ||
| 082 | 0 | 4 |
_a621.31 _bS3 |
| 100 | 1 |
_aSalam, M. Abdus _9101255 |
|
| 245 | 1 | 0 |
_aFundamentals of electrical machines _c/por M. Abdus Salam |
| 260 |
_aOxford, UK: _bAlpa Science, _c2005 |
||
| 300 |
_axvi, 376 p. : _bgráfs. |
||
| 590 |
_aBATCH-UPD _b10 _c20130110 _lUCH01 _h0513 |
||
| 590 |
_aBATCH-UPD _b10 _c20130410 _lUCH01 _h0151 |
||
| 590 |
_aBATCH-UPD _b10 _c20130914 _lUCH01 _h0940 |
||
| 590 |
_aCONVERSION _b10 _c20130109 _lUCH01 _h1352 |
||
| 650 | 1 | 4 |
_aCircuitos eléctricos. _923358 |
| 650 | 1 | 4 | _aDinamos. |
| 650 | 1 | 4 |
_aElectricidad. _936215 |
| 650 | 1 | 4 |
_aElectromagnetismo. _936238 |
| 650 | 1 | 4 |
_aMotores. _979095 |
| 901 | _aBK | ||
| 942 | _cLIBRO | ||
| 949 |
_a621.31 S3 _bBC _cLIBRO _d33724002046454 _eLIBRO _gI.c/e. _h109502 _i106413 _si _t$749.00 |
||
| 999 |
_c94810 _d94810 |
||